|
|
|
|
| LEADER |
01919cas a2200325 a 4500 |
| 001 |
AALejournalIMF015539 |
| 008 |
230101c9999 xx r poo 0 0eng d |
| 020 |
|
|
|c 5.00 USD
|
| 020 |
|
|
|z 9781513509969
|
| 022 |
|
|
|a 1018-5941
|
| 040 |
|
|
|a BD-DhAAL
|c BD-DhAAL
|
| 100 |
1 |
|
|a Goes, Carlos.
|
| 245 |
1 |
0 |
|a Domestic Market Integration and the Law of One Price in Brazil /
|c Carlos Goes, Troy Matheson.
|
| 264 |
|
1 |
|a Washington, D.C. :
|b International Monetary Fund,
|c 2015.
|
| 300 |
|
|
|a 1 online resource (11 pages)
|
| 490 |
1 |
|
|a IMF Working Papers
|
| 500 |
|
|
|a <strong>Off-Campus Access:</strong> No User ID or Password Required
|
| 500 |
|
|
|a <strong>On-Campus Access:</strong> No User ID or Password Required
|
| 506 |
|
|
|a Electronic access restricted to authorized BRAC University faculty, staff and students
|
| 520 |
3 |
|
|a This paper presents the first assessment domestic market integration in Brazil using the law of one price. The law of one price is tested using two panel unit root methodologies and a unique data set comprising price indices for 51 products across 11 metro-areas. We find that the law of one price holds for most tradable products and, not surprisingly, non-tradable products are found to be less likely to satisfy the law of one price. While these findings are consistent with evidence found for other countries, price convergence occurs very slowly in Brazil, suggesting relatively limited domestic market integration.
|
| 538 |
|
|
|a Mode of access: Internet
|
| 650 |
|
7 |
|a Domestic Market Integration
|2 imf
|
| 650 |
|
7 |
|a Law Of One Price
|2 imf
|
| 650 |
|
7 |
|a Null Hypothesis
|2 imf
|
| 650 |
|
7 |
|a Panel Cointegration
|2 imf
|
| 650 |
|
7 |
|a WP
|2 imf
|
| 651 |
|
7 |
|a Brazil
|2 imf
|
| 700 |
1 |
|
|a Matheson, Troy.
|
| 830 |
|
0 |
|a IMF Working Papers; Working Paper ;
|v No. 2015/213
|
| 856 |
4 |
0 |
|z Full text available on IMF
|u http://elibrary.imf.org/view/journals/001/2015/213/001.2015.issue-213-en.xml
|z IMF e-Library
|